000 00400nam a22001697a 4500
005 20160525114651.0
008 160525b xxu||||| |||| 00| 0 eng d
020 _a81-259-1010-7
041 _aeng
082 _b4849
100 _aMachiraju, H.R.
_9354
245 _aProject Finance
260 _aNew Delhi
_bAcademic Faundation
_c2004
300 _a211
650 _aManagement
_9241
942 _cBK
999 _c1678
_d1677